[Event "4th Al Ain Chess Classic"]
[Site "Al-Ain UAE"]
[Date "2015.12.30"]
[Round "9.14"]
[White "Anton Guijarro, David"]
[Black "Neverov, Valeriy"]
[Result "1-0"]
[WhiteTitle "GM"]
[BlackTitle "GM"]
[WhiteElo "2640"]
[BlackElo "2516"]
[WhiteFideId "2285525"]
[BlackFideId "14100150"]
[EventDate "2015.12.23"]

1. d4 Nf6 2. c4 g6 3. Nc3 d5 4. cxd5 Nxd5 5. e4 Nxc3 6. bxc3 Bg7 7. Qa4+ Nd7 8.
Nf3 O-O 9. Be2 a6 10. Qa3 Rb8 11. Bg5 Re8 12. Rd1 b5 13. h4 Bb7 14. e5 Nf8 15.
Qc1 h5 16. Bh6 Qd5 17. a3 Ne6 18. Rh3 c5 19. Bxg7 Kxg7 20. Ng5 cxd4 21. Nxe6+
Qxe6 22. cxd4 Bxg2 23. Rg3 Be4 24. Qe3 Qd5 25. Bxh5 b4 26. axb4 Rxb4 27. Be2 Bc2
28. Rc1 Rxd4 29. f3 Bf5 30. Rg5 Be6 31. h5 Rh8 32. Kf2 Rh4 33. hxg6 Rh2+ 34. Rg2
Rxg2+ 35. Kxg2 Rh5 36. Rc5 Qa2 37. gxf7 Kxf7 38. Qf4+ Rf5 39. Qe4 Qd2 40. Kf2
Rh5 41. Rc2 Qg5 42. f4 Qh4+ 43. Ke3 Qe1 44. Kd4 Qa1+ 45. Ke3 Rh3+ 46. Kd2 Rh1
47. f5 Qe1+ 48. Kd3 Rh3+ 49. Bf3 Qd1+ 50. Ke3 Bd5 51. e6+ Kf6 52. Qh4+ Ke5 53.
Qxh3 Qxc2 54. Qh8+ 1-0

[Event "4th Al Ain Chess Classic"]
[Site "Al-Ain UAE"]
[Date "2015.12.30"]
[Round "9.15"]
[White "Gopal, G.N."]
[Black "Sengupta, Deep"]
[Result "1/2-1/2"]
[WhiteTitle "GM"]
[BlackTitle "GM"]
[WhiteElo "2525"]
[BlackElo "2563"]
[WhiteFideId "5015693"]
[BlackFideId "5008352"]
[EventDate "2015.12.23"]

1. e4 e6 2. d4 d5 3. Nd2 Nf6 4. e5 Nfd7 5. Bd3 c5 6. c3 b6 7. Ne2 Ba6 8. Bxa6
Nxa6 9. O-O Nc7 10. Nf4 Be7 11. Qg4 g6 12. Nf3 c4 13. h4 b5 14. a4 bxa4 15. Rxa4
a5 16. Nh3 h6 17. Re1 Nb6 18. Ra1 Kd7 19. h5 Qg8 20. Nh2 a4 21. Qf3 Qg7 22. Ng4
gxh5 23. Ne3 h4 24. Nf4 Rhg8 25. Bd2 Raf8 26. Qd1 Kc8 27. Rxa4 Nxa4 28. Qxa4 Bg5
29. Qc6 Bxf4 30. Ra1 Kd8 31. Qd6+ Kc8 32. Qc6 Kd8 33. Qd6+ Kc8 34. Qc6 1/2-1/2

[Event "4th Al Ain Chess Classic"]
[Site "Al-Ain UAE"]
[Date "2015.12.30"]
[Round "9.16"]
[White "Hayrapetyan, Hovik"]
[Black "Vaibhav, Suri"]
[Result "1/2-1/2"]
[WhiteTitle "GM"]
[BlackTitle "GM"]
[WhiteElo "2489"]
[BlackElo "2552"]
[WhiteFideId "13302639"]
[BlackFideId "5045185"]
[EventDate "2015.12.23"]

1. d4 Nf6 2. c4 e6 3. Nf3 d5 4. Bg5 Be7 5. Nc3 h6 6. Bh4 O-O 7. e3 b6 8. Rc1 Bb7
9. cxd5 Nxd5 10. Bxe7 Qxe7 11. Bd3 Nxc3 12. bxc3 c5 13. O-O Rd8 14. Bb1 Nc6 15.
Qd3 g6 16. Rfd1 Rac8 17. h4 h5 18. Qe2 Rc7 19. Rc2 cxd4 20. cxd4 Nb4 21. Rxc7
Qxc7 22. e4 Qc3 23. Qe3 Qxe3 24. fxe3 Rc8 25. Kf2 Rc3 26. Rd2 a5 27. Ne5 Kg7 28.
Nd7 b5 29. Nc5 Ba8 30. Rb2 e5 31. Nb3 a4 32. Nd2 exd4 33. exd4 Nd3+ 34. Bxd3
Rxd3 35. Ke2 Rxd4 36. Ke3 a3 37. Rxb5 Ra4 38. Rc5 f5 39. Rc4 Ra7 40. exf5 Bxg2
41. fxg6 Bd5 42. Rc2 Ra4 43. Nb1 Re4+ 44. Kf2 Rf4+ 45. Ke3 Rxh4 46. Nxa3 Kxg6
47. Nb5 Rh3+ 48. Kd4 Bh1 49. Nc3 h4 50. a4 Ba8 51. Rb2 Rg3 52. Rb8 Bf3 53. Rh8
Rh3 54. a5 Kg7 55. Rb8 Rg3 56. Rb2 h3 57. Rh2 Kg6 58. a6 Kh5 59. a7 Kh4 60. Ne2
Rg7 61. Nf4 Rxa7 62. Rxh3+ Kg4 63. Rxf3 Kxf3 64. Nd5 Ra1 65. Nc3 Rc1 66. Kd3
Rxc3+ 67. Kxc3 1/2-1/2

[Event "4th Al Ain Chess Classic"]
[Site "Al-Ain UAE"]
[Date "2015.12.30"]
[Round "9.17"]
[White "Bajarani, Ulvi"]
[Black "Ankit, R. Rajpara"]
[Result "1/2-1/2"]
[WhiteTitle "GM"]
[BlackTitle "GM"]
[WhiteElo "2551"]
[BlackElo "2489"]
[WhiteFideId "13403028"]
[BlackFideId "5023335"]
[EventDate "2015.12.23"]

1. e4 c6 2. d4 d5 3. exd5 cxd5 4. c4 Nf6 5. Nc3 e6 6. Nf3 Bb4 7. cxd5 Nxd5 8.
Bd2 Nc6 9. Bd3 Be7 10. O-O O-O 11. Re1 Bf6 12. Nxd5 exd5 13. Ne5 Be6 14. Bc3 Re8
15. f4 g6 16. Kh1 Bg7 17. Qf3 Qb6 18. Rad1 Ne7 19. Bc2 h5 20. h3 h4 21. Qf2 Nf5
22. Bxf5 Bxf5 23. Qxh4 Qd6 24. a3 Rac8 25. Ng4 Bxg4 26. Qxg4 f5 27. Qf3 Re4 28.
g3 Qd7 29. h4 Kf7 30. Kg2 Rce8 31. h5 Rxe1 32. Bxe1 Qe6 33. Bc3 Qe4 34. hxg6+
Kxg6 35. Qxe4 Rxe4 36. Kf3 Bf6 37. a4 a6 38. a5 Bg7 39. b4 Bf6 40. b5 axb5 41.
Rb1 Bxd4 42. Bxd4 Rxd4 43. Rxb5 Ra4 44. Rb6+ Kg7 45. Rxb7+ Kf6 46. Rb6+ Kf7 47.
a6 d4 48. Rh6 Ra3+ 49. Kf2 Ra2+ 50. Ke1 d3 51. Rh7+ Kg6 52. Ra7 Kf6 53. Ra8 Re2+
54. Kd1 Ra2 55. a7 Kg7 56. Kc1 Kh7 57. Rf8 Rxa7 58. Rxf5 Rg7 59. Rh5+ Kg8 60.
Rh3 Kf7 61. Kd2 Ke6 62. Kxd3 Kf5 63. Ke3 Kg4 64. Rh6 Kxg3 65. f5 Ra7 66. Rg6+
Kh4 67. Kf4 Kh5 68. Re6 Ra5 69. Rd6 Rb5 70. Ra6 Rc5 71. Ke4 Rb5 72. Rd6 Kg5 73.
Rg6+ Kh5 74. Rg7 Rb4+ 75. Ke5 Rb5+ 76. Kf6 Rb6+ 77. Kf7 Rb7+ 1/2-1/2

[Event "4th Al Ain Chess Classic"]
[Site "Al-Ain UAE"]
[Date "2015.12.30"]
[Round "9.18"]
[White "Kovalenko, Igor"]
[Black "Petrosyan, Manuel"]
[Result "1/2-1/2"]
[WhiteTitle "GM"]
[BlackTitle "IM"]
[WhiteElo "2680"]
[BlackElo "2466"]
[WhiteFideId "14117908"]
[BlackFideId "13300857"]
[EventDate "2015.12.23"]

1. d4 Nf6 2. Nf3 e6 3. g3 c5 4. Bg2 d5 5. O-O Nc6 6. c4 dxc4 7. dxc5 Qxd1 8.
Rxd1 Bxc5 9. Nbd2 Nd5 10. Nxc4 b5 11. Ne3 Nxe3 12. Bxe3 Bxe3 13. fxe3 Bb7 14.
Nd4 Nxd4 15. Bxb7 Rb8 16. Be4 Nf5 17. Bc6+ Ke7 18. Rd7+ Kf6 19. Kf2 Rb6 20. Bf3
a6 21. Rc1 Re8 22. Rc5 Re7 23. Rd8 Nd6 24. b3 Re8 25. Rxe8 Nxe8 26. Bc6 Ke7 27.
Bxe8 Kxe8 28. Rc7 Rd6 29. Ra7 Kf8 30. Kf3 h5 31. Kf4 Rd2 32. Rxa6 Rxe2 33. h4
Ke7 34. Kf3 Rc2 35. b4 Kf6 36. a3 g6 37. Ra5 Rc3 38. Ke4 Rb3 39. Kd4 e5+ 40. Ke4
Ke6 41. Ra6+ Ke7 42. Kf3 Kd7 43. Ke4 Ke7 44. Rb6 Rxa3 45. Rxb5 f5+ 46. Kf3 Ke6
47. Rc5 Rb3 48. b5 Rb2 49. Rc6+ Kf7 50. b6 Kg7 51. Re6 Kf7 52. Rc6 Kg7 53. Re6
e4+ 1/2-1/2

[Event "4th Al Ain Chess Classic"]
[Site "Al-Ain UAE"]
[Date "2015.12.30"]
[Round "9.19"]
[White "Edouard, Romain"]
[Black "Gasanov, Eldar"]
[Result "1/2-1/2"]
[WhiteTitle "GM"]
[BlackTitle "GM"]
[WhiteElo "2627"]
[BlackElo "2485"]
[WhiteFideId "633429"]
[BlackFideId "14104466"]
[EventDate "2015.12.23"]

1. d4 Nf6 2. c4 e6 3. Nc3 Bb4 4. Nf3 b6 5. e3 O-O 6. Bd3 d5 7. O-O Bb7 8. cxd5
exd5 9. a3 Bd6 10. b4 a6 11. Qb3 Qe7 12. Ra2 Nbd7 13. Re2 Rab8 14. b5 axb5 15.
Nxb5 Ba6 16. a4 c6 17. Nxd6 Bxd3 18. Qxd3 Qxd6 19. Ba3 c5 20. Rb2 Ra8 21. Qb5
Qc7 22. Ne5 Nxe5 23. dxe5 Qxe5 24. Qxb6 Ng4 25. g3 Qh5 26. h4 Ne5 27. Bxc5 Rfc8
28. Qb7 Nf3+ 29. Kg2 Qg4 30. Rfb1 Nxh4+ 31. Kg1 Nf3+ 32. Kg2 Nh4+ 33. Kh2 Nf3+
34. Kg2 Nh4+ 35. Kh2 Nf3+ 1/2-1/2

[Event "4th Al Ain Chess Classic"]
[Site "Al-Ain UAE"]
[Date "2015.12.30"]
[Round "9.20"]
[White "Parligras, Mircea-Emilian"]
[Black "Petrosyan, Tigran S."]
[Result "1-0"]
[WhiteTitle "GM"]
[BlackTitle "IM"]
[WhiteElo "2586"]
[BlackElo "2469"]
[WhiteFideId "1204297"]
[BlackFideId "13303678"]
[EventDate "2015.12.23"]

1. d4 d5 2. c4 c6 3. Nc3 Nf6 4. e3 e6 5. Nf3 Nbd7 6. Qc2 Bd6 7. Be2 O-O 8. O-O
dxc4 9. Bxc4 b5 10. Be2 a6 11. Ng5 h6 12. Nge4 Be7 13. Rd1 Qc7 14. Bd2 Bb7 15.
b4 Rac8 16. a3 e5 17. Rac1 Rfd8 18. Ng3 Nb6 19. Be1 exd4 20. exd4 Nbd5 21. Nxd5
Nxd5 22. Ne4 a5 23. bxa5 Bxa3 24. Ra1 Qe7 25. Bf3 Ra8 26. Bd2 b4 27. Re1 Rxa5
28. Ng5 Qxe1+ 29. Rxe1 hxg5 30. Bxg5 Rc8 31. h4 c5 32. Qf5 c4 33. Qd7 1-0

[Event "4th Al Ain Chess Classic"]
[Site "Al-Ain UAE"]
[Date "2015.12.30"]
[Round "9.21"]
[White "Deepan, Chakkravarthy J."]
[Black "Kovchan, Alexander"]
[Result "1/2-1/2"]
[WhiteTitle "GM"]
[BlackTitle "GM"]
[WhiteElo "2496"]
[BlackElo "2583"]
[WhiteFideId "5011132"]
[BlackFideId "14103052"]
[EventDate "2015.12.23"]

1. c4 c5 2. Nc3 g6 3. g3 Bg7 4. Bg2 Nc6 5. Nf3 e6 6. O-O Nge7 7. d3 O-O 8. Bd2
b6 9. a3 Bb7 10. Rb1 d6 11. b4 Qd7 12. Nb5 f5 13. bxc5 dxc5 14. Qc1 Kh8 15. Bh6
Bxh6 16. Qxh6 Ng8 17. Qf4 Nf6 18. Ne5 Nxe5 19. Qxe5 Bxg2 20. Kxg2 a6 21. Nc3
Qc6+ 22. Kg1 Kg8 23. Rb2 Rab8 24. Rfb1 Ng4 25. Qf4 e5 26. Qg5 Nf6 27. a4 a5 28.
Nd5 Nxd5 29. cxd5 Qd6 30. Qc1 e4 31. dxe4 fxe4 32. Qc4 Rf5 33. Qxe4 Rxd5 34.
Rxb6 Rxb6 35. Rxb6 Rd1+ 36. Kg2 Qxb6 37. Qe8+ Kg7 38. Qe7+ Kg8 39. Qe8+ 1/2-1/2

[Event "4th Al Ain Chess Classic"]
[Site "Al-Ain UAE"]
[Date "2015.12.30"]
[Round "9.22"]
[White "Lalith Babu M R"]
[Black "Azaladze, Shota"]
[Result "0-1"]
[WhiteTitle "GM"]
[BlackTitle "IM"]
[WhiteElo "2553"]
[BlackElo "2468"]
[WhiteFideId "5024595"]
[BlackFideId "13603027"]
[EventDate "2015.12.23"]

1. d4 Nf6 2. c4 g6 3. Nc3 c5 4. Nf3 Bg7 5. e4 cxd4 6. Nxd4 O-O 7. Be2 Nc6 8. Be3
d6 9. O-O Bd7 10. Qd2 Nxd4 11. Bxd4 Bc6 12. f3 a5 13. b3 Nd7 14. Be3 Nc5 15.
Rab1 Be5 16. Rfd1 e6 17. Rbc1 h5 18. Qe1 Qf6 19. Bf1 Rfd8 20. Ne2 Bb2 21. Rb1
Ba3 22. Nd4 Nd7 23. Qg3 Bc5 24. Kh1 h4 25. Qg4 Ne5 26. Qg5 Qh8 27. h3 f6 28. Qf4
g5 29. Qh2 Kf7 30. Qg1 Qf8 31. Qf2 Be8 32. f4 gxf4 33. Qxf4 Ng6 34. Qf3 Bd7 35.
Be2 Ke7 36. Qf2 Rac8 37. Rb2 Qh8 38. a3 Bxa3 39. Ra2 Bc5 40. Rxa5 Ra8 41. Qe1
Rxa5 42. Qxa5 Ne5 43. Qd2 Bc6 44. b4 Bxd4 45. Bxd4 Bxe4 46. Bb6 Rd7 47. Bf1 Qh5
48. Qe1 Ke8 49. Bf2 Qf5 50. Qe3 Rg7 51. Kh2 Nxc4 52. Qe2 Ne5 53. Qe3 Nc4 54. Qe2
Qe5+ 55. Kg1 Bxg2 56. Qxe5 Bxf1+ 57. Kxf1 fxe5 0-1

[Event "4th Al Ain Chess Classic"]
[Site "Al-Ain UAE"]
[Date "2015.12.30"]
[Round "9.23"]
[White "Malakhatko, Vadim"]
[Black "Babujian, Levon"]
[Result "0-1"]
[WhiteTitle "GM"]
[BlackTitle "GM"]
[WhiteElo "2531"]
[BlackElo "2465"]
[WhiteFideId "14104202"]
[BlackFideId "13301993"]
[EventDate "2015.12.23"]

1. c4 e5 2. Nc3 Bb4 3. Qc2 Nf6 4. a3 Bxc3 5. Qxc3 O-O 6. e3 Nc6 7. d3 d5 8. cxd5
Qxd5 9. Nf3 Bg4 10. Be2 Rad8 11. h3 Bxf3 12. Bxf3 Qxd3 13. Qxd3 Rxd3 14. Bxc6
bxc6 15. Bd2 Ne4 16. Ba5 Rb3 17. O-O Rxb2 18. Bxc7 f6 19. Rac1 c5 20. f3 Ng3 21.
Rf2 Ne2+ 22. Kh2 Nxc1 23. Rxb2 Rc8 24. Ba5 c4 25. Rc2 Nb3 26. Be1 Kf7 27. Kg1
Ke6 28. Kf2 Kd5 29. Ke2 Kc5 30. Bb4+ Kb5 31. g4 a5 32. Bc3 Ka4 33. Bb2 Nc5 34.
Bc1 Kb3 35. Rb2+ Kc3 0-1

[Event "4th Al Ain Chess Classic"]
[Site "Al-Ain UAE"]
[Date "2015.12.30"]
[Round "9.24"]
[White "Harutyunian, Tigran K."]
[Black "Zeng, Chongsheng"]
[Result "0-1"]
[WhiteTitle "IM"]
[BlackTitle "GM"]
[WhiteElo "2448"]
[BlackElo "2530"]
[WhiteFideId "13303635"]
[BlackFideId "8603847"]
[EventDate "2015.12.23"]

1. Nf3 Nf6 2. c4 Nc6 3. d4 e6 4. a3 d5 5. Nc3 Be7 6. Bg5 h6 7. Bh4 O-O 8. e3 b6
9. Rc1 Bb7 10. Bxf6 Bxf6 11. cxd5 exd5 12. b4 Ne7 13. Qb3 Re8 14. Be2 Nf5 15.
O-O c6 16. Rfd1 b5 17. a4 a6 18. Ne1 Bg5 19. Rc2 Nd6 20. Nd3 Nc4 21. Nc5 Bc8 22.
Ra2 Bf5 23. Rda1 Rc8 24. Nxa6 Nxe3 25. fxe3 Bxe3+ 26. Kh1 Qh4 27. Qd1 Bxd4 28.
Rc1 Be3 29. Qe1 Qg5 30. Rd1 d4 31. Nb1 d3 32. Bxd3 Bxd3 33. Rxd3 Bf2 34. Qf1 Re1
35. Rxf2 Qc1 36. Nd2 bxa4 37. Nc5 Rce8 38. h3 a3 39. Ncb3 Qc2 40. Rd7 f6 41. Ra7
Qb2 42. Kh2 Rxf1 43. Rxf1 Re2 44. Rf3 a2 45. Rg3 f5 46. Nc4 Qf6 47. Nca5 g5 48.
Nxc6 f4 49. Rd3 f3 50. Ra8+ Kh7 51. Rd7+ Kg6 52. Rd6 Re6 53. Rf8 Qxf8 54. Rxe6+
Kh7 55. Kg1 Qf4 0-1

[Event "4th Al Ain Chess Classic"]
[Site "Al-Ain UAE"]
[Date "2015.12.30"]
[Round "9.25"]
[White "Labib, Ibrahim Hasan"]
[Black "Libiszewski, Fabien"]
[Result "0-1"]
[WhiteTitle "IM"]
[BlackTitle "GM"]
[WhiteElo "2434"]
[BlackElo "2515"]
[WhiteFideId "10600426"]
[BlackFideId "616834"]
[EventDate "2015.12.23"]

1. Nf3 g6 2. c4 Bg7 3. Nc3 Nf6 4. e4 d6 5. d4 O-O 6. h3 Nbd7 7. Be3 e5 8. d5 Nc5
9. Nd2 a5 10. g4 c6 11. Be2 Bd7 12. g5 Ne8 13. h4 a4 14. b4 axb3 15. axb3 Rxa1
16. Qxa1 Na6 17. Qa3 c5 18. Na2 f5 19. f3 Nec7 20. b4 Qa8 21. bxc5 Nxc5 22. Qb2
Qa5 23. O-O N7a6 24. Nc3 f4 25. Bf2 h6 26. gxh6 Bxh6 27. Nb5 Qb6 28. Ra1 g5 29.
Qa3 g4 30. Qa5 Qxa5 31. Rxa5 g3 32. Bxc5 dxc5 33. Nd6 Rf6 34. Nxb7 Rb6 35. Bf1
Bf8 36. Nd8 Be7 37. Ne6 Bxe6 38. dxe6 Rxe6 39. Nb3 Rc6 40. h5 Nb4 41. Ra7 Bf8
42. Nc1 Rd6 43. Na2 Nc6 44. Rc7 Nd4 45. Kg2 Rh6 46. Kh3 Rxh5+ 47. Kg4 Rh2 48.
Nc3 g2 49. Bxg2 Rxg2+ 50. Kh5 Nxf3 0-1

[Event "4th Al Ain Chess Classic"]
[Site "Al-Ain UAE"]
[Date "2015.12.30"]
[Round "9.26"]
[White "Mu, Ke"]
[Black "Vishnu Prasanna, V"]
[Result "0-1"]
[BlackTitle "GM"]
[WhiteElo "2403"]
[BlackElo "2514"]
[WhiteFideId "8602778"]
[BlackFideId "5030692"]
[EventDate "2015.12.23"]

1. d4 Nf6 2. c4 g6 3. Nc3 d5 4. Qb3 dxc4 5. Qxc4 Be6 6. Qb5+ Bd7 7. Qb3 c5 8.
dxc5 Na6 9. Qxb7 Nxc5 10. Qb4 e5 11. Qh4 Be7 12. Bg5 Rb8 13. Bxf6 Bxf6 14. Qc4
Qa5 15. Rb1 Rb4 16. Qd5 e4 0-1

[Event "4th Al Ain Chess Classic"]
[Site "Al-Ain UAE"]
[Date "2015.12.30"]
[Round "9.27"]
[White "Ghosh, Diptayan"]
[Black "Mammadzada, Gunay"]
[Result "1-0"]
[WhiteTitle "IM"]
[BlackTitle "WGM"]
[WhiteElo "2550"]
[BlackElo "2341"]
[WhiteFideId "5045207"]
[BlackFideId "13403729"]
[EventDate "2015.12.23"]

1. d4 d5 2. c4 c6 3. Nc3 Nf6 4. e3 e6 5. Nf3 Nbd7 6. Bd3 dxc4 7. Bxc4 b5 8. Bd3
Bd6 9. O-O O-O 10. a4 b4 11. Ne2 Bb7 12. e4 e5 13. Qc2 exd4 14. Nexd4 Nc5 15. e5
Nxd3 16. Qxd3 Bxe5 17. Nxe5 Re8 18. Bf4 Nh5 19. Qf5 Qf6 20. Qxh5 Qxf4 21. Nef3 1-0

[Event "4th Al Ain Chess Classic"]
[Site "Al-Ain UAE"]
[Date "2015.12.30"]
[Round "9.28"]
[White "Zozulia, Anna"]
[Black "Riff, Jean-Noel"]
[Result "0-1"]
[WhiteTitle "IM"]
[BlackTitle "GM"]
[WhiteElo "2335"]
[BlackElo "2507"]
[WhiteFideId "14102110"]
[BlackFideId "611190"]
[EventDate "2015.12.23"]

1. e4 c5 2. Nf3 e6 3. d4 cxd4 4. Nxd4 Nf6 5. Nc3 d6 6. Be2 Be7 7. O-O O-O 8. Be3
Nc6 9. f4 Bd7 10. Kh1 Nxd4 11. Bxd4 Bc6 12. Qd3 b5 13. a3 Qb8 14. Bf3 Nd7 15. f5
e5 16. Be3 b4 17. axb4 Qxb4 0-1

[Event "4th Al Ain Chess Classic"]
[Site "Al-Ain UAE"]
[Date "2015.12.30"]
[Round "9.29"]
[White "Swayams, Mishra"]
[Black "Gadimbayli, Abdulla"]
[Result "1-0"]
[WhiteTitle "IM"]
[BlackTitle "FM"]
[WhiteElo "2477"]
[BlackElo "2320"]
[WhiteFideId "5028183"]
[BlackFideId "13404938"]
[EventDate "2015.12.23"]

1. d4 d5 2. c4 c6 3. Nf3 Nf6 4. e3 Bf5 5. Nc3 e6 6. Bd3 Bxd3 7. Qxd3 Nbd7 8. O-O
Be7 9. b3 O-O 10. Bb2 Qc7 11. e4 dxe4 12. Nxe4 Rad8 13. Rad1 Nxe4 14. Qxe4 Nf6
15. Qe2 c5 16. h3 Rfe8 17. Rfe1 cxd4 18. Nxd4 Bb4 19. Rf1 Qe7 20. Rd3 Rd7 21.
Rfd1 Red8 22. Nc2 Bd6 23. Bxf6 gxf6 24. Ne3 Be5 25. g3 Rxd3 26. Rxd3 Rxd3 27.
Qxd3 f5 28. Kg2 Bf6 29. Nc2 Qc7 30. a4 Kg7 31. Qf3 Qd7 32. a5 Qd2 33. Ne3 Bd4
34. Nf1 Qxa5 35. Qxb7 Qe1 36. Qf3 a5 37. g4 Qe4 38. gxf5 exf5 39. Qxe4 fxe4 40.
Ng3 Kg6 41. Nxe4 Kf5 42. Kf3 Ke5 43. Ng5 f6 44. Ne4 f5 45. Ng3 Bc5 46. Ne2 Bb4
47. Nf4 Kd4 48. Nd5 Bc5 49. Ke2 a4 50. bxa4 Kxc4 51. Ne3+ Kb4 52. Kf3 Kxa4 53.
Kf4 Kb4 54. Kxf5 Kc3 55. Ng4 Kd3 56. f4 Ke2 57. Ke4 Kf1 58. Kf3 Kg1 59. Kg3 Kf1
60. Nf6 h6 61. f5 Ke2 62. Nd7 Bd6+ 63. Kg2 1-0

[Event "4th Al Ain Chess Classic"]
[Site "Al-Ain UAE"]
[Date "2015.12.30"]
[Round "9.30"]
[White "Bashirli, Nail"]
[Black "Mollah Abdullah, Al Rakib"]
[Result "0-1"]
[WhiteTitle "FM"]
[BlackTitle "GM"]
[WhiteElo "2338"]
[BlackElo "2472"]
[WhiteFideId "13406809"]
[BlackFideId "10200444"]
[EventDate "2015.12.23"]

1. e4 e5 2. Nf3 Nc6 3. Bb5 a6 4. Ba4 Nge7 5. c3 g6 6. d4 exd4 7. cxd4 Bg7 8. d5
b5 9. Bb3 Na5 10. Bd2 Nxb3 11. Qxb3 d6 12. Bc3 f6 13. Nbd2 O-O 14. Rc1 a5 15.
Qxb5 Ba6 16. Qa4 Qc8 17. Nf1 c5 18. Ne3 Bh6 19. h3 f5 20. Rd1 Qb7 21. Nd2 Bb5
22. Qb3 a4 23. Qc2 Qa6 24. Nb1 Bxe3 25. fxe3 fxe4 26. Qxe4 Nf5 27. Rd2 Rae8 28.
Qg4 Rxe3+ 29. Kd1 Rxc3 30. Ke1 Re3+ 0-1

[Event "4th Al Ain Chess Classic"]
[Site "Al-Ain UAE"]
[Date "2015.12.30"]
[Round "9.31"]
[White "Arvola, Benjamin"]
[Black "Mammadov, Zaur"]
[Result "1/2-1/2"]
[WhiteTitle "FM"]
[BlackTitle "GM"]
[WhiteElo "2328"]
[BlackElo "2467"]
[WhiteFideId "1506536"]
[BlackFideId "13401033"]
[EventDate "2015.12.23"]

1. e4 c6 2. Nf3 d5 3. Nc3 dxe4 4. Nxe4 Nf6 5. Nxf6+ exf6 6. Bc4 Bd6 7. O-O O-O
8. h3 Bf5 9. d4 Nd7 10. Nh4 Be6 11. Bd3 g6 12. c4 Bc7 13. Qc2 Re8 14. Nf3 Nf8
15. Re1 Qd7 16. Be3 Rad8 17. Bf1 Bb8 18. Rad1 Qc8 19. Qc3 Bf5 20. d5 cxd5 21.
Qxf6 Rd6 22. Qc3 Be4 23. Bh6 Ne6 24. Nd4 Rd7 25. Nxe6 fxe6 26. f3 Qc7 27. fxe4
d4 28. Rxd4 Qh2+ 29. Kf2 Rf7+ 30. Ke2 Be5 31. Qe3 Bxd4 32. Qxd4 Qc7 33. Rd1 Qa5
34. Bd2 Qa4 35. Bc3 e5 36. Qd5 Qc2+ 37. Rd2 Qc1 38. Rd1 Qc2+ 39. Ke3 Qf2+ 40.
Kd3 Re7 41. Bb4 Rd7 42. Bd6 Qxb2 43. c5 h5 44. Be2 Kh7 45. Rd2 Qb1+ 46. Kc3 a5
47. Rb2 Qc1+ 48. Rc2 Qa1+ 49. Kc4 Qb1 50. Qd1 Qb4+ 51. Kd5 b6 52. Qd2 Qa4 53.
Bc4 bxc5 54. Kxe5 Rg7 55. Bb3 Qb5 56. Qd5 Qf1 57. Qxc5 Qe1 58. Kd5 Rge7 59. Rc4
Qg3 60. Qa3 Qe5+ 61. Kc6 Rxd6+ 62. Qxd6 Re6 63. Qxe6 Qxe6+ 64. Kb5 Qe5+ 65. Kb6
Kh6 66. Rc2 h4 67. Bd5 a4 68. Kb5 Qd4 69. Re2 Kg5 70. Bc4 Kf6 71. e5+ Ke7 72.
Kb4 g5 73. e6 Qf4 74. Kc3 Qd6 75. Rd2 Qe5+ 76. Kc2 Qe3 77. Rd7+ Kf6 78. e7 Qe4+
79. Kc3 Qe1+ 80. Kc2 Qe4+ 81. Kc3 Qe1+ 82. Kc2 Qe5 83. Rd6+ Kxe7 84. Re6+ Qxe6
85. Bxe6 Kxe6 86. Kc3 Ke5 87. Kb4 Kf4 88. Kxa4 Kg3 89. Kb4 Kxg2 90. a4 Kxh3 91.
a5 g4 92. a6 g3 93. a7 g2 94. a8=Q g1=Q 95. Qd5 Qe1+ 96. Kb5 Qf1+ 97. Ka5 Qf4
98. Qh1+ Kg4 99. Qg2+ Kh5 100. Qe2+ Kg5 101. Qg2+ Qg4 102. Qh2 h3 103. Ka6 Qf5
104. Qg1+ Kh5 105. Qh2 Qd3+ 106. Kb6 Qe3+ 107. Ka6 Kg4 108. Kb5 Qf3 109. Qg1+
Kh5 110. Qh2 Qg2 111. Qc7 Qg5+ 112. Ka6 Qf5 113. Qh2 Qf1+ 114. Kb6 Kg4 115. Ka5
Kf3 116. Qe5 Qf2 117. Qf5+ Kg3 118. Qg5+ Kf3 119. Qd5+ Kg4 120. Qe4+ Qf4 121.
Qe2+ Kg5 122. Qe7+ Qf6 123. Qe3+ Kh4 124. Qe1+ Kh5 125. Qe2+ Kh6 126. Qh2 Qf5+
127. Ka6 Qe6+ 128. Ka5 Kh5 129. Qf4 Qd5+ 130. Kb6 Qg5 131. Qf3+ Qg4 132. Qf2 Qe4
133. Qh2 Qe3+ 134. Ka5 Kh4 135. Ka6 Qa3+ 136. Kb6 Qg3 137. Qc2 h2 138. Qh7+ Kg4
139. Qe4+ Kh3 140. Qh7+ Kg2 141. Qe4+ Qf3 142. Qg6+ Kf2 143. Qc2+ Kg1 144. Qg6+
Qg2 145. Qb1+ Qf1 146. Qg6+ Kh1 147. Ka5 Qe1+ 148. Ka4 Qf2 149. Qg4 Qe3 150. Qg6
Qf3 151. Ka5 Qd5+ 152. Ka4 Qd4+ 153. Ka5 Qc4 154. Qg5 Qa2+ 155. Kb5 Qe6 156. Ka5
Qc4 157. Qg6 Qb3 158. Qg4 Qd5+ 159. Ka4 Qd6 160. Kb5 Qa3 161. Qg6 Qa2 162. Qg4
Qb2+ 163. Ka4 Qg2 164. Qd1+ Qg1 165. Qf3+ Qg2 166. Qd1+ 1/2-1/2

[Event "4th Al Ain Chess Classic"]
[Site "Al-Ain UAE"]
[Date "2015.12.30"]
[Round "9.32"]
[White "Morchiashvili, Bachana"]
[Black "Hossain, Enamul"]
[Result "1/2-1/2"]
[WhiteTitle "IM"]
[BlackTitle "GM"]
[WhiteElo "2326"]
[BlackElo "2450"]
[WhiteFideId "13602535"]
[BlackFideId "10200649"]
[EventDate "2015.12.23"]

1. d4 Nf6 2. Nf3 e6 3. c4 b6 4. e3 Bb7 5. Bd3 d5 6. O-O Bd6 7. Nc3 O-O 8. b3 c5
9. Bb2 cxd4 10. exd4 Nbd7 11. Qe2 a6 12. Ne5 dxc4 13. bxc4 Nxe5 14. dxe5 Bxe5
15. Bxh7+ Kxh7 16. Qxe5 Rc8 17. Rad1 Qc7 18. Qg5 Qxc4 19. Nd5 Bxd5 20. Rd4 Qc2
21. Rh4+ Kg8 22. Bxf6 Qg6 23. Rg4 gxf6 24. Qf4 Kg7 25. Rd1 Rc6 26. h3 b5 27. Rd3
Rc4 28. Rxg6+ fxg6 29. Qd6 Rc1+ 30. Kh2 Rc2 31. Qxa6 Ra8 32. Qd6 Rxf2 33. Qe7+
Kg8 34. Rg3 g5 35. a3 Ra4 36. Kg1 Raf4 37. Qe8+ Kg7 38. Qxb5 Rc2 39. a4 Rc1+ 40.
Kh2 Rc2 41. Kg1 Rff2 42. a5 Rxg2+ 43. Rxg2 Rxg2+ 44. Kf1 Ra2 45. a6 Kg6 46. Ke1
Ra3 47. Qe8+ Kf5 48. h4 Rxa6 49. h5 Ra7 50. Qg8 Ke4 51. Qf8 Kf5 52. Qg8 Ra1+ 53.
Kf2 Rh1 54. Qg6+ Ke5 55. h6 Be4 56. Qg7 Rh3 57. Ke2 Rh2+ 58. Ke3 Rh3+ 59. Ke2
Rh2+ 60. Ke3 Rh3+ 61. Kd2 Bf5 62. Qc7+ Kd5 63. Qa5+ Ke4 64. Qb4+ Kd5 65. Qb5+
Kd6 66. Qb6+ Kd5 67. Qb5+ 1/2-1/2

[Event "4th Al Ain Chess Classic"]
[Site "Al-Ain UAE"]
[Date "2015.12.30"]
[Round "9.33"]
[White "Baghdasaryan, Vahe"]
[Black "Mammadova, Gulnar"]
[Result "1-0"]
[WhiteTitle "IM"]
[BlackTitle "WGM"]
[WhiteElo "2432"]
[BlackElo "2323"]
[WhiteFideId "13303139"]
[BlackFideId "13403508"]
[EventDate "2015.12.23"]

1. e4 g6 2. d4 Bg7 3. Nc3 c6 4. h3 d6 5. Nf3 Nd7 6. Bc4 e5 7. a4 Ngf6 8. dxe5
dxe5 9. a5 O-O 10. O-O Qc7 11. Be3 b5 12. axb6 Nxb6 13. Bb3 Nh5 14. Bc5 Rd8 15.
Qb1 Bf6 16. Qa2 Bb7 17. Ne2 Kg7 18. g4 Nf4 19. Nxf4 exf4 20. g5 Be7 21. Qa3 Rd7
22. Qb4 Bxc5 23. Qxc5 Re7 24. Ra5 Rae8 25. Rxa7 Rxe4 26. Qc3+ Kg8 27. Nh2 f3 28.
Qxf3 Nd5 29. Bxd5 cxd5 30. Ng4 Rxg4+ 31. Qxg4 Qc6 32. Qa4 Re5 33. Qxc6 Rxg5+ 34.
Kh2 Bxc6 35. Rc7 Bb5 36. Rd1 Be2 37. f4 Rh5 38. Re1 Bg4 39. Kg3 Be6 40. h4 1-0